000 00602nam a2200181Ia 4500
008 090124s9999 xx 000 0 und d
082 _b2994
100 _aआपटे हरि नारायण
245 _a सुगरिणीचा संसार
250 _a3
260 _bवा. रा. पेंडसे
300 _a238
600 _aआपटे हरि नारायण
630 _a सुगरिणीचा संसार
700 _aआपटे हरि नारायण
730 _a सुगरिणीचा संसार
942 _cBOOK
999 _c82814
_d82814